Responses for show #2991 - Monday, September 8, 1997

Fred Ramen game 2.

Contestants

Courtney Caudill, a historian and writer from McArthur, Ohio

Fred Ramen, an assistant editor from New York, New York (whose 1-day cash winnings total $12,800)

Shawn Askew, a Space Camp counselor and student from Huntsville, Alabama (whose 1-day cash winnings total $12,800)

Jeopardy! Round responses

AMERICAN HISTORY
LAST NAME'S THE SAME
LEGENDARY LIONS
PHOTO OPS
TRIBES
NUN SENSE
    $100 1
Mississippi

Fred
    $100 16
Keaton

Shawn
    $100 11
Cowardly Lion

Fred
    $100 29
Plymouth Rock

Fred
    $100 6
Grand Canyon

Courtney
    $100 21
"Take the Veil"

Fred
    $200 2
John Sherman

Fred
    $200 17
Jackson

Shawn
    $200 12
Leo the Lion

Fred
    $200 30
Piccadilly Circus

Courtney
    $200 7
Tepees

Courtney
    $200 22
Vows

Courtney
    $300 3
Kofi Annan

Fred
    $300 18
Crawford

Fred
    $300 13
Simba

Courtney
    $300 26
Space Needle

Fred
    $300 8
Salmon

Courtney
    $300 23
St. Bridget

Courtney
    $400 4
Earl Warren

Shawn
    $400 19
Douglas

Shawn
    $900 14
Soupy Sales

Courtney
    $400 27
Beale Street

Shawn
    $400 9
Cheyenne

Shawn
    $400 24
Sisters of Mercy

Fred
    $500 5
the Treaty of Guadalupe Hidalgo

Fred
    $500 20
Jordan

Courtney
    $500 15
Elsa

Fred
    $500 28
(Fred: What is the Champs-Élysées?)

the Arc de Triomphe

FredCourtney
    $500 10
(F: Who are the Apache?)

Navajo

Fred
Triple Stumper
    $500 25
(Alex: A minute left to deal with PHOTO OPS.)

Mother Superior

Fred

Scores at the first commercial break (after clue 14):

Shawn Fred Courtney
$800 $900 $1,800

Scores at the end of the Jeopardy! Round:

Shawn Fred Courtney
$1,900 $2,600 $3,500

Double Jeopardy! Round responses

NEWS STORIES OF THE 1700s
SILENT MOVIES
COLORFUL PEOPLE
NEXT LINE, PLEASE
BUSINESS NAMES
LET'S SPEAK SWAHILI
    $200 3
Liberty Bell

Fred
    $200 16
Grauman's Chinese Theater

Shawn
    $200 21
Golda Meir

Fred
    $200 10
"Ask what you can do for your country"

Shawn
    $200 1
Mia

Shawn
    $400 4
Trevi Fountain

Triple Stumper
    $400 17
Rudolph Valentino

Shawn
    $400 22
(Fred: Who is Keynes?)
...
(Alex: Less than a minute to go.)

Alan Greenspan

Fred
Triple Stumper
    $400 12
"Give me liberty or give me death"

Shawn
    $400 2
Please

Courtney
    $600 5
Jules Jean-Paul Marat

Shawn
    $600 18
"The Kid"

Shawn
    $600 23
Red Auerbach

Fred
    $600 13
"Only the names have been changed to protect the innocent"

Courtney
    $600 26
Arthur Pitney

Shawn
    $600 8
Maid

Shawn
    $800 6
Seven Years' War

Fred
    $800 19
"Metropolis"

Courtney
    $800 24
Amy Tan

Triple Stumper
    $1,500 14
"I coulda been a contender!"

Courtney
    $800 9
"Daktari"

Fred
    $1000 7
"An Angry God"

Shawn
    $1000 20
"Battleship Potemkin"

Fred
    $2,000 25
Harry Blackmun

Fred
    $1000 15
"to each according to his needs"

Courtney
    $1000 27
[The end-of-round signal sounds.]

Steve Jobs

Fred
    $1000 11
Post Office

Shawn

Scores at the end of the Double Jeopardy! Round:

Shawn Fred Courtney
$7,700 $8,800 $7,800

[wagering suggestions for these scores]

Final Jeopardy! Round responses

BRITISH ROYALTY
ShawnWho is Anne Boelyn?
$7,700
CourtneyWho was Catherine of Aragon?
$7,798
FredWho is Catherine of Aragon?
$6,900
Catherine of Aragon

Final scores:

Shawn Fred Courtney
$0 $15,700 $15,598
3rd place: Maurice Lacroix Watch 2-day champion: $28,500 2nd place: Sony VAIO Desktop Computer

Game dynamics:

Coryat scores:

Shawn Fred Courtney
$7,700 $7,800 $6,600
17 R,
0 W
21 R
(including 1 DD),
3 W
15 R
(including 2 DDs),
0 W

Combined Coryat: $22,100

The J! Archive is created by fans, for fans. The Jeopardy! game show and all elements thereof, including but not limited to copyright and trademark thereto, are the property of Jeopardy Productions, Inc. and are protected under law. This website is not affiliated with, sponsored by, or operated by Jeopardy Productions, Inc. Join the discussion at JBoard.tv.